Introduction à l'analyse impulsionnelle : principe et application /

Guardado en:
Autor Principal: Cuénod, Michel A., 1918-
Formato: Libro
Idioma:French
Publicado: Paris : Dunod, 1970.
Series:Monographies Dunod ; 82
Etiquetas: Agregar Etiqueta
Sin Etiquetas, Sea el primero en etiquetar este registro!
LEADER 00593cam a22001695 4500
001 MAT.inmabb001965
008 790412s1970####fr#a#####b####000#0#fre#d
005 20170614162320.0
245 1 0 |a Introduction à l'analyse impulsionnelle :  |b principe et application /  |c par M. A. Cuénod ; préface de J.-C. Gille. 
260 |a Paris :  |b Dunod,  |c 1970. 
300 |a xxiv, 151 p. :  |b il. ;  |c 17 cm. 
440 0 |a Monographies Dunod ;  |v 82 
504 |a Bibliografía: p. [149]-151. 
100 1 |a Cuénod, Michel A.,  |d 1918- 
084 |a 65-XX  |2 msc2000 
010 |a  70451592  
859 |h 65  |i C965  |p A-3583  |b BIB. MATEMATICA